00591cam a22001937a 4500003000500000005001700005008004100022010001000063011001000073035001000083040000900093082002200102111008300124245005400207260007300261300001100334650003100345650002100376CHAP20220329134605.0971013s1994 mx r 10110 spa d a22674 a23646 a27743 cCHAP a634.956bR44 199400aReunión Nacional de Plantaciones Forestales (n4d: 1994c: México, D. F.)10aPlantacionesb: producir para conservar : memoria aMéxico, D.F. :bSubsecretaria Forestal y de Fauna Silvestre,c1994 a548 p.14aPlantación de árboles.14aReforestación.